000 01323nam a2200337Ia 4500
001 ebr10598129
003 CaPaEBR
006 m u
007 cr cn|||||||||
008 850220s1985 gw sb 001 0 eng d
010 _z 85004837
020 _z9783110101966
020 _z9783110881974
020 _z3110101963 :
040 _aCaPaEBR
_cCaPaEBR
035 _a(OCoLC)815505378
050 1 4 _aPN6421
_b.N66 1985eb
082 0 4 _a398/.9/21
_219
100 1 _aNorrick, Neal R.
245 1 0 _aHow proverbs mean
_h[electronic resource] :
_bsemantic studies in English proverbs /
_cby Neal R. Norrick.
260 _aBerlin ;
_aNew York :
_bMouton,
_cc1985.
300 _axi, 213 p.
440 0 _aTrends in linguistics.
_pStudies and monographs ;
_v27
504 _aIncludes bibliographical referencesy (p. [203]-210) and index.
533 _aElectronic reproduction.
_bPalo Alto, Calif. :
_cebrary,
_d2011.
_nAvailable via World Wide Web.
_nAccess may be limited to ebrary affiliated libraries.
650 0 _aProverbs, English
_xHistory and criticism.
650 0 _aProverbs
_xHistory and criticism.
655 7 _aElectronic books.
_2local
710 2 _aebrary, Inc.
856 4 0 _uhttp://site.ebrary.com/lib/rucke/Doc?id=10598129
_zAn electronic book accessible through the World Wide Web; click to view
999 _c108945
_d108945